00847nam a2200277 a 450000100060000000300080000600500170001400800410003102000150007203500190008704000350010604100080014108200260014910000240017524501170019925000220031626000410033830000340037950000200041365000180043365000160045170000180046770000190048570000180050483000470052261096BD-RjUL20211209080924.0170115s1983 ilua 001 0 eng d a0256023956 a(BD-RjUL)61220 aBD-RjULcBD-RjULdBD-RjULbeng aeng00a657.046223bGIG 19831 aGriffin, Charles H.10aGriffin, Williams, and Larson's Advanced accounting /cCharles H Griffin; Peter Chant; Andrew Chant; Michael Zin a1st canadian ed.  aHomewood, Ill. :bR.D. Irwin,c1983. axix, 758 p. :bill. ;c25 cm. aIncludes index. 0aAdvance level 0aAccounting.1 aChant, Peter.1 aChant, Andrew.1 aZin, Michael. aThe Willard J. Graham series in accounting